000 00875nam a2200265 i 4500
003 DO-SdBNP
005 20240523101634.0
007 ta
008 240523b2009 |dr||||| |||| 00| 0 spa d
020 _a9789945001402
040 _aDO-SdBNP
_bspa
_cBNPHU
_erda
082 4 _222
100 _aPuello Herrera, Juan Francisco,
_933659
_d1949-
_eautor
245 1 0 _aFrutos del silencio /
_cJuan F. Puello Herrera ; prólogo, Guillermo Piña-Contreras
264 _aSanto Domingo :
_bFundación Cardenal Sancha,
_c2009.
300 _a524 páginas ;
_c23 cm.
336 _2rdacontent
_atexto
_btxt
337 _2rdamedia
_asin mediación
_bn
338 _2rdacarrier
_avolumen
_bnc
500 _aIncluye datos biográficos del autor en las solapas
590 _aInventariado, 2024/BT
700 1 _aPiña-Contreras, Guillermo,
_eprólogo
910 _aBtavárez
942 _2ddc
_cLBS1
999 _c56727
_d56727